Finanzkaufmann Geld und Kredit

Gespeichert in:
Bibliographische Detailangaben
Format: Buch
Sprache:Deutsch
Veröffentlicht: Berlin Wirtschaft 1988
Ausgabe:4. neuverfasste Aufl.
Tags: Tag hinzufügen
Keine Tags, Fügen Sie das erste Tag hinzu!

MARC

LEADER 00000nam a2200000 4500
001 c041122
005 20221219111533.9
041 0 |a ger 
044 |a DE 
245 1 0 |a Finanzkaufmann  |b Geld und Kredit 
250 |a 4. neuverfasste Aufl. 
264 1 |a Berlin  |b Wirtschaft  |c 1988 
300 |a 232 s.